Alle Bundesligisten des aktuellen Jahrhunderts - Statistiken

Allgemein
  • Dieses Quiz wurde 98 mal gespielt
  • Das Durchschnittsergebnis liegt bei 36 aus 40
Antwortstatistiken
Anzahl Saisons
seit 1999/2000
Verein % Korrekt
27 Borussia Dortmund
100%
27 FC Bayern München
100%
20 Hamburger SV
100%
26 SV Werder Bremen
100%
10 RB Leipzig
99%
25 VfB Stuttgart
99%
18 1. FC Köln
98%
27 Bayer 04 Leverkusen
98%
22 Hertha BSC
98%
1 Holstein Kiel
98%
2 SpVgg Greuther Fürth
98%
7 1. FC Union Berlin
97%
20 1. FSV Mainz 05
97%
23 Eintracht Frankfurt
97%
22 SC Freiburg
97%
24 Borussia Mönchengladbach
95%
27 VfL Wolfsburg
95%
12 1. FC Nürnberg
94%
23 FC Schalke 04
94%
3 Fortuna Düsseldorf
94%
16 Hannover 96
94%
4 FC St. Pauli
93%
3 1. FC Heidenheim
92%
15 FC Augsburg
92%
9 1. FC Kaiserslautern
91%
18 TSG 1899 Hoffenheim
91%
9 Arminia Bielefeld
87%
3 SV Darmstadt 98
86%
12 VfL Bochum
86%
7 Hansa Rostock
84%
2 Karlsruher SC
84%
1 Eintracht Braunschweig
83%
2 SC Paderborn 07
83%
3 MSV Duisburg
82%
5 TSV 1860 München
82%
1 Alemannia Aachen
79%
2 FC Ingolstadt 04
75%
6 Energie Cottbus
71%
2 SpVgg Unterhaching
56%
1 SSV Ulm 1846
53%
Keine übereinstimmenden Quizze gefunden
Verteilung der Resultate
Anzahl Personen mit jedem Resultat
Perzentil nach korrekt beantworteten Fragen
Ihre Resultats-Entwicklung
Sie haben dieses Quiz noch nicht gespielt